Actresses in Title Roles Quiz Stats

Quiz Updated Mar 13, 2016

Challenge
Share
Tweet
Embed
Score 0/24 Timer 05:00
4 Plays Today
% Correct
Cameron Diaz
92.1%
Julia Roberts
90.8%
Julie Andrews
90.7%
Meg Ryan
89.6%
Ellen Page
84.8%
Emma Thompson
79.2%
Ming-Na Wen
75.9%
Meryl Streep
74.8%
Jennifer Lopez
73%
Cate Blanchett
72.5%
Anne Hathaway
71.9%
Jennifer Lawrence
71.6%
% Correct
Jessica Tandy
70.1%
Scarlett Johansson
65.3%
Madonna
60.2%
Keira Knightley
58.8%
Quvenzhané Wallis
57.9%
Elizabeth Taylor
56.8%
Saoirse Ronan
45.6%
Christina Ricci
42.6%
Joanne Woodward
37.6%
Gene Tierney
33.4%
Anne Baxter
30.1%
Rosemarie Dewitt
19.4%

You're not logged in!

Compare scores with friends on all Sporcle quizzes.
Sign Up with Email
OR
Log In

You Might Also Like...

Show Comments

Extras

Top Quizzes Today


Score Distribution

Your Account Isn't Verified!

In order to create a playlist on Sporcle, you need to verify the email address you used during registration. Go to your Sporcle Settings to finish the process.